000 00797nam a2200205Ia 4500
999 _c40108
_d40108
001 6714
003 GE_BSU
005 20191211121855.0
008 181216s1975||||ge |||||||||||||| ||geo||
040 _cGE_BSU
041 _ageo
080 _a821.353.1-1 გ-30
100 _aგელოვანი, მირზა.
_95783
245 _aფრონტული ლექსები /
_cმირზა გელოვანი ; რედ. არჩილ სულაკაური.
264 _aთბილისი :
_bნაკადული,
_c1975.
300 _a34 გვ. :
_bფოტო ;
_c20 სმ.
653 _aფრონტული ლექსები
700 _aსულაკაური, არჩილ
_eრედაქტორი
_95579
942 _cBK
_2udc